00468nam a2200169 450000500170000001000150001702000260003203500140005803700090007208200080008110000260008924500520011525000100016726000320017727000700020930000190027920241029135324.0 aENG-142534 c750.00a9789383277445 aEN-126066 bDBAD a921 aKulshreshtha, Abhiram a50 Famous Poets Of India/cAbhiram Kulshreshtha aFirst aDelhibMatrix Publishersc  aAtmaram Buliding, 1376, Ground Floor Kashmere GatebDelhie110006 a184p.c22m(hb)